[Event "XXXVIII TSz Juniorow FERIE z SZACHAMI 20"]
[Site "MDK nr 1 w Bydgoszczy"]
[Date "2021.??.??"]
[Round "8.2"]
[White "Zglinski, Sebastian"]
[Black "Jankowski, Igor"]
[Result "1/2-1/2"]
[WhiteElo "1120"]
[BlackElo "1589"]
[PlyCount "79"]
[EventDate "2021.??.??"]

1. d4 e6 2. e4 d5 3. exd5 exd5 4. Bd3 Nc6 5. Nf3 Nb4 6. O-O Nxd3 7. Qxd3 Bd6 8.
Re1+ Ne7 9. Bg5 f6 10. Bh4 O-O 11. Nbd2 c6 12. c3 Nf5 13. Re2 Nxh4 14. Nxh4 f5
15. Nhf3 f4 16. Qc2 Bg4 17. Rae1 Kh8 18. Kh1 g5 19. Qb3 Bxf3 20. Nxf3 g4 21.
Ne5 f3 22. Rd2 Qg5 23. Qd1 fxg2+ 24. Kg1 Rf4 25. Re3 Raf8 26. h3 gxh3 27. Rxh3
Bxe5 28. dxe5 Qxe5 29. Re2 Qf5 30. Rg3 h5 31. Rxg2 h4 32. Re7 h3 33. Rgg7 Rg8
34. Rxg8+ Kxg8 35. Qe2 Qg6+ 36. Kf1 Qg2+ 37. Ke1 Re4 38. Rxe4 dxe4 39. Qc4+ Kh8
40. Qd4+ 1/2-1/2

[Event "XXXVIII TSz Juniorow FERIE z SZACHAMI 20"]
[Site "MDK nr 1 w Bydgoszczy"]
[Date "2021.??.??"]
[Round "8.5"]
[White "Lewandowski, Bartosz"]
[Black "Balcerzak, Robert"]
[Result "1-0"]
[WhiteElo "1108"]
[BlackElo "1320"]
[PlyCount "47"]
[EventDate "2021.??.??"]

1. d4 c5 2. dxc5 e6 3. Nf3 Bxc5 4. e4 Qb6 5. Qd2 Nf6 6. Bd3 d5 7. exd5 Nxd5 8.
O-O Nc6 9. Nc3 Nxc3 10. Qxc3 O-O 11. Bxh7+ Kxh7 12. Ng5+ Kg8 13. Qh3 Re8 14.
Qh7+ Kf8 15. Qh8+ Ke7 16. Qxg7 Nd8 17. Ne4 Bd4 18. Bg5+ Kd7 19. Rad1 e5 20.
Nf6+ Kc6 21. Nxe8 Ne6 22. Qxf7 Nxg5 23. Qc4+ Bc5 24. Rd6# 1-0

[Event "XXXVIII TSz Juniorow FERIE z SZACHAMI 20"]
[Site "MDK nr 1 w Bydgoszczy"]
[Date "2021.??.??"]
[Round "9.1"]
[White "Balcerzak, Robert"]
[Black "Holynski, Szymon"]
[Result "0-1"]
[WhiteElo "1320"]
[BlackElo "1146"]
[PlyCount "146"]
[EventDate "2021.??.??"]

1. e4 e5 2. d4 exd4 3. Nf3 Nc6 4. c3 d6 5. cxd4 Bg4 6. Be3 Bxf3 7. Qxf3 a6 8.
Bc4 Qf6 9. Nc3 Qxf3 10. gxf3 g6 11. Nd5 O-O-O 12. Bg5 Nge7 13. Bf6 Rg8 14.
O-O-O Rd7 15. Nxe7+ Bxe7 16. e5 d5 17. Bf1 Bxf6 18. exf6 Kd8 19. Rg1 Rd6 20.
Kc2 Rxf6 21. Be2 Re8 22. Rge1 Kd7 23. a3 Kd6 24. Rd3 Rfe6 25. Kd2 f5 26. b4 b5
27. h4 h5 28. Re3 Nxd4 29. Bd1 Rxe3 30. Rxe3 Rxe3 31. fxe3 Ne6 32. Bc2 c5 33.
e4 Ke5 34. exd5 Kxd5 35. Ke3 c4 36. f4 Nd4 37. Bd1 Nc6 38. Bf3+ Kd6 39. Bg2 Kc7
40. Bd5 a5 41. bxa5 Nxa5 42. Bf7 Kd6 43. Kd4 Nc6+ 44. Kc3 Ne7 45. Kd4 Kc6 46.
Ke5 c3 47. Bb3 Kd7 48. Kf6 Kd6 49. Kg5 Kc5 50. Kf6 Kd4 51. Kxe7 Ke4 52. Kf6
Kxf4 53. Kxg6 Kg4 54. Bd1+ Kf4 55. a4 bxa4 56. Bxa4 Ke5 57. Kxh5 f4 58. Kg4 Ke4
59. Bd1 Ke3 60. Kh3 Kd2 61. h5 Kxd1 62. h6 c2 63. h7 c1=Q 64. h8=Q Qe3+ 65. Kg4
Qg3+ 66. Kf5 f3 67. Qa1+ Ke2 68. Qb2+ Kf1 69. Ke4 f2 70. Kf5 Kg2 71. Qc2 Qf3+
72. Kg5 Kg1 73. Qc5 Kh1 0-1

[Event "XXXVIII TSz Juniorow FERIE z SZACHAMI 2"]
[Site "MDK nr 1 w Bydgoszczy"]
[Date "2021.??.??"]
[Round "9.2"]
[White "Weryho, Mateusz"]
[Black "Lewandowski, Bartosz"]
[Result "1-0"]
[WhiteElo "1455"]
[BlackElo "1108"]
[PlyCount "91"]
[EventDate "2021.??.??"]

1. d4 Nf6 2. Bf4 d5 3. e3 Bf5 4. Bd3 Bxd3 5. Qxd3 Nbd7 6. Nf3 e6 7. O-O Be7 8.
c3 O-O 9. Nbd2 c5 10. h3 cxd4 11. exd4 Nb6 12. Rfe1 Bd6 13. Be5 Rc8 14. Ng5 g6
15. f4 Nh5 16. g3 Nc4 17. Nxc4 dxc4 18. Qf3 Qe7 19. Bxd6 Qxd6 20. Rab1 b5 21.
Ne4 Qe7 22. a3 a5 23. Kg2 Rb8 24. Nc5 Qd6 25. Re5 Nf6 26. h4 b4 27. axb4 axb4
28. Ra1 Nd7 29. Nxd7 Qxd7 30. Qe2 Qc6+ 31. Kh2 Rb6 32. Rc5 Qb7 33. Qg2 bxc3 34.
Qxb7 cxb2 35. Qa7 Rfb8 36. Rb1 Rb4 37. Rc7 c3 38. Rxf7 R8b7 39. Rxb7 Rxb7 40.
Qxb7 c2 41. Qc8+ Kf7 42. Rxb2 c1=N 43. g4 Nd3 44. Rb5 Kf6 45. Qc7 Nf2 46. g5#
1-0

[Event "XXXVIII TSz Juniorow FERIE z SZACHAMI 20"]
[Site "MDK nr 1 w Bydgoszczy"]
[Date "2021.??.??"]
[Round "9.4"]
[White "Jankowski, Igor"]
[Black "Podlewski, Szymon"]
[Result "1/2-1/2"]
[WhiteElo "1589"]
[BlackElo "1601"]
[PlyCount "108"]
[EventDate "2021.??.??"]

1. b4 e5 2. Bb2 Bxb4 3. Bxe5 Nf6 4. Nf3 O-O 5. e3 d5 6. Be2 Nc6 7. Bb2 Re8 8.
O-O Bg4 9. d3 h6 10. Nbd2 Qe7 11. c4 Rad8 12. Bxf6 Qxf6 13. cxd5 Rxd5 14. Nc4
Red8 15. d4 Qe7 16. Nfe5 Nxe5 17. Nxe5 Bxe2 18. Qxe2 c5 19. Qc4 cxd4 20. Nxf7
Kxf7 21. e4 Qxe4 22. Qxb4 Qe7 23. Qb3 Kf8 24. Rfe1 Qf7 25. Qd3 Kg8 26. Re4 Qf5
27. Rae1 Qc8 28. Qf3 R5d7 29. Qf5 d3 30. Qe6+ Kh8 31. Rc4 Rc7 32. Qxc8 Rdxc8
33. Rxc7 Rxc7 34. Rd1 d2 35. Kf1 Rc2 36. a3 Ra2 37. Ke2 Rxa3 38. Rxd2 b5 39.
Rb2 a6 40. f3 Rc3 41. Kd2 Rc6 42. Kd3 Rc4 43. Ra2 Ra4 44. Rb2 Kg8 45. Ke3 Kf7
46. f4 Ke6 47. Kf3 b4 48. Kg4 a5 49. Kh5 Kf6 50. g4 Ra3 51. h4 b3 52. g5+ Kf5
53. g6 a4 54. Rxb3 Rxb3 1/2-1/2

[Event "XXXVIII TSz Juniorow FERIE z SZACHAMI 20"]
[Site "MDK nr 1 w Bydgoszczy"]
[Date "2021.??.??"]
[Round "9.5"]
[White "Grzechowiak, Kacper"]
[Black "Zglinski, Sebastian"]
[Result "1-0"]
[WhiteElo "1480"]
[BlackElo "1120"]
[PlyCount "93"]
[EventDate "2021.??.??"]

1. e3 d5 2. Nf3 Nc6 3. d4 Bg4 4. c4 e6 5. Nbd2 Nf6 6. a3 Bd6 7. c5 Be7 8. Bd3
O-O 9. b4 Nb8 10. Qc2 a5 11. b5 b6 12. c6 h6 13. h3 Bh5 14. g4 Bg6 15. Bxg6
fxg6 16. Ne5 Bd6 17. Nxg6 Re8 18. f4 Nbd7 19. cxd7 Qxd7 20. a4 Rac8 21. Qc6 Qf7
22. Ne5 Bxe5 23. fxe5 Nh7 24. Rf1 Qg6 25. Ke2 Ng5 26. h4 Ne4 27. Nxe4 Qxg4+ 28.
Ke1 Qxe4 29. Ra2 Qxh4+ 30. Raf2 Qe7 31. Qc3 Rf8 32. Ba3 Qh4 33. Bxf8 Rxf8 34.
Ke2 Qg4+ 35. Kd2 Rxf2+ 36. Rxf2 Qg1 37. Re2 Qb1 38. Re1 Qa2+ 39. Qc2 Qa3 40.
Rb1 Qe7 41. Rc1 Qh4 42. Kc3 Qe7 43. Kb2 Qb4+ 44. Ka2 g5 45. Qg6+ Kf8 46. Rf1+
Ke7 47. Rf7+ 1-0